Datum a čas kvízu

30 Celkem bodů Celkový počet nahraných bodů na tomto kvízu bez doplňovacích otázek.
5. Pořadí na kvízu Konečné umístění týmu na tomto kvízu.

Zaznamenané odpovědi

# Otázka Odpověď Body Výsledky
1. Jak se jmenuje kandidát na úst... Pavel Simon 0
2. Paprička jisté odrůdy existuje... Pepper X 1
3. Ve čtvrtek mělo premiéru ameri... Martin Scorsese 1
4. Německý národní dopravce Deuts... Arriva 1
5. Ve čtvrtek na tenisovém turnaj... zahrál úder opačnou rukou 0
6. V tomto tématu zabrousíme do č... Jana Nerudu 1
7. Drama Nabarvené ptáče z roku 2... Václav Marhoul 1
8. V roce 2022 přišel do kin film... jak se mám 1
9. Vladimír Menšík – pianista Kár... Ikarův pád 0
10. Ptakopysk sice není pták, ale... Nejistá sezona 1